| 000 | 00983cam a22003134a 4500 | ||
|---|---|---|---|
| 003 | UPN | ||
| 005 | 20240229063544.0 | ||
| 008 | 090219s2006 mx a r 000 f spa d | ||
| 020 | _a970770375X | ||
| 035 | _aUPN01000169603 | ||
| 040 |
_aUPN _bspa _cUPN |
||
| 049 | _aI | ||
| 050 | 4 |
_aPQ7798.26 E83 _bL44 |
|
| 100 | 1 |
_aPescetti, Luis María, _d1958- _930469 |
|
| 245 | 1 | 0 |
_aLejos de Frin / _cLuis María Pescetti ; ilustraciones O'Kif-MG. |
| 250 | _aPrimera edición | ||
| 260 |
_aMéxico : _bAlfaguara, _c2006. |
||
| 300 |
_a392 páginas : _bilustraciones |
||
| 490 | 0 | _aAlfaguara juvenil | |
| 650 | 4 |
_aLiteratura infantil argentina _97511 |
|
| 650 | 4 |
_aAmistad en la literatura _910763 |
|
| 650 | 4 |
_aHistorias de aventuras _94131 |
|
| 700 | 1 |
_aO'Kif, Alejandro, _d1959- _eilustrador _946552 |
|
| 700 | 1 |
_aGutiérrez, Mónica _eilustradora _946553 |
|
| 902 | _bCarolina Alvarado/260922/M | ||
| 905 | _aLibro | ||
| 942 |
_2lcc _cLIBRO |
||
| 999 |
_c141709 _d141709 |
||